000 01092nam0a22002891 4500
001 RU\NLR\INFOCOMM_195\5000070961
005 20260406110631.0
035 _a(NLR Aleph) 009374648
090 _a7944186
_c7944186
100 _a20101227d1986 |||y0rusy50 ca
101 0 _aeng
102 _aRU
105 _ay ||||000|y
200 1 _aStatement by Mikhail Gorbachev, General Secretary of the CPSU Central Committee, Jan. 15, 1986
210 _aM.
_c"Novosti" press agency publ. house
_d1986
215 _a15 с.
_d20 см
300 _aВ вып. дан.: Заявление Генерального секретаря ЦК КПСС М. С. Горбачева 15 янв. 1986 г.
686 _aТ3(0)63-601
_2rubbk
686 _aТ3(2)73-601
_2rubbk
686 _aФ61(2)273-419
_2rubbk
700 1 _4070
_8rus
_7ba
_aGorbačev
_bM. S.
_cгос. деятель
_f1931-2022
_gMichail Sergeevič
_3RU\NLR\AUTH\77110387
_993312
790 1 _9z01700
_aGorbachev
_bM.
_gMikhail
_4070
801 1 _aRU
_bNLR
_c20101227
801 0 _aRU
_bNLR
_gPSBO
852 _aNLR
_jИр51 Д-4/524
942 _cBOOK
980 _aNB